[Event "Hessenliga 1921"]
[Site "Hessen"]
[Date "2020.03.08"]
[Round "7.3"]
[White "Arbinger, Roland"]
[Black "Uwira, Oliver"]
[Result "0-1"]
[WhiteElo "2095"]
[BlackElo "2150"]
[PlyCount "130"]
[EventDate "2019.09.22"]
[EventType "team-tourn"]
[EventRounds "9"]
[EventCountry "GER"]
[SourceTitle "EXT 2024"]
[Source "ChessBase"]
[SourceDate "2023.10.10"]
[SourceVersion "1"]
[SourceVersionDate "2023.10.10"]
[SourceQuality "1"]
[WhiteTeam "Giessen"]
[BlackTeam "Nied"]
[WhiteTeamCountry "GER"]
[BlackTeamCountry "GER"]

1. d4 d5 2. Nf3 Nf6 3. c4 e6 4. Nc3 Bb4 5. e3 0-0 6. a3 Bxc3+ 7. bxc3 c5 8. Bd3 Nc6 9. 0-0 b6 10. Ne5 Qc7 11. Nxc6 Qxc6 12. cxd5 exd5 13. a4 c4 14. Bc2 Bg4 15. f3 Bh5 16. Qe1 Bg6 17. Bxg6 hxg6 18. Qh4 Rfe8 19. Bd2 Qd7 20. g4 Nh7 21. Qg3 f5 22. h3 Nf6 23. Kg2 Re6 24. Qf4 Rf8 25. Qg3 Ne8 26. Rfe1 Nd6 27. a5 b5 28. Bc1 Rfe8 29. Ba3 Nf7 30. Qf4 g5 31. Qxf5 g6 32. Qc2 Kg7 33. Bc1 Qc6 34. Bd2 a6 35. Qb1 Nd6 36. Ra2 Nb7 37. Bc1 Qc7 38. Qb4 Rf8 39. Rf1 Ref6 40. Qa3 Qf7 41. Raf2 Qc7 42. Ra2 Nd6 43. Qb4 Ne4 44. f4 gxf4 45. exf4 g5 46. Re2 gxf4 47. Rf3 R8f7 48. Qa3 Qd7 49. Qb2 Ng5 50. Re5 Nxf3 51. Kxf3 Re6 52. Qe2 Rxe5 53. Qxe5+ Kg8 54. Bxf4 Qe7 55. Qxd5 Qf6 56. Qa8+ Kg7 57. Qe4 b4 58. cxb4 c3 59. Ke2 Qxf4 60. Qxf4 Rxf4 61. Kd3 Rf3+ 62. Kc2 Rxh3 63. b5 axb5 64. a6 b4 65. a7 Rh8 0-1

[Event "Pfalz op-A 11th"]
[Site "Neustadt an der Weinstrasse"]
[Date "2020.02.22"]
[Round "3"]
[White "Podat, Vladimir"]
[Black "Arbinger, Roland"]
[Result "1-0"]
[WhiteElo "2310"]
[BlackElo "2056"]
[PlyCount "99"]
[EventDate "2020.02.21"]
[EventType "swiss"]
[EventRounds "9"]
[EventCountry "GER"]
[SourceTitle "CBM 195 Extra"]
[Source "ChessBase"]
[SourceDate "2020.05.31"]
[SourceVersion "1"]
[SourceVersionDate "2020.05.31"]
[SourceQuality "1"]

1. d4 d5 2. c4 c6 3. cxd5 cxd5 4. Nc3 Nf6 5. Bf4 Nc6 6. e3 a6 7. Bd3 e6 8. Nf3 Be7 9. h3 0-0 10. 0-0 Nh5 11. Bh2 g6 12. Rc1 f5 13. Na4 Bd6 14. Bxd6 Qxd6 15. Qb3 b5 16. Nc5 e5 17. dxe5 Nxe5 18. Nxe5 Qxe5 19. Be2 Nf6 20. Bf3 Be6 21. Nxe6 Qxe6 22. Rfd1 Rad8 23. Rc5 Kg7 24. Bxd5 Qe5 25. f4 Qe7 26. Rc3 Rd6 27. Bf3 Rfd8 28. Rxd6 Qxd6 29. Rc6 Qd2 30. Kh2 Rd6 31. Rc7+ Rd7 32. Rxd7+ Qxd7 33. Qc3 Qe6 34. a3 Kh6 35. Qe5 Qxe5 36. fxe5 Ne8 37. b4 Nc7 38. Bb7 Kg7 39. Kg3 Kf7 40. Bc8 Ke7 41. Kf3 Kd8 42. Bb7 Kd7 43. e4 Ke6 44. Kf4 g5+ 45. Kxg5 fxe4 46. Bxe4 Kxe5 47. Bxh7 Ne6+ 48. Kg4 Nf4 49. Kf3 Ne6 50. h4 1-0

[Event "Pfalz op-A 11th"]
[Site "Neustadt an der Weinstrasse"]
[Date "2020.02.21"]
[Round "1"]
[White "Szabo, Bence"]
[Black "Arbinger, Roland"]
[Result "1-0"]
[WhiteElo "2355"]
[BlackElo "2056"]
[PlyCount "109"]
[EventDate "2020.02.21"]
[EventType "swiss"]
[EventRounds "9"]
[EventCountry "GER"]
[SourceTitle "CBM 195 Extra"]
[Source "ChessBase"]
[SourceDate "2020.05.31"]
[SourceVersion "1"]
[SourceVersionDate "2020.05.31"]
[SourceQuality "1"]

1. Nf3 Nf6 2. c4 g6 3. Nc3 c5 4. g3 Bg7 5. Bg2 0-0 6. 0-0 d5 7. cxd5 Nxd5 8. Qa4 Nb6 9. Qh4 e5 10. Qxd8 Rxd8 11. d3 Nc6 12. Ne4 Nd7 13. Bg5 f6 14. Be3 Nd4 15. Bxd4 cxd4 16. Rfc1 Nb6 17. Nfd2 f5 18. Nc5 Bh6 19. Rc2 Rb8 20. Nf3 Re8 21. h4 Nd7 22. Ng5 Nf6 23. Rac1 Bf8 24. Nb3 h6 25. Nf3 Be6 26. Na5 Bd5 27. Nc4 Bxc4 28. Rxc4 Bd6 29. Nd2 Nd7 30. Nb3 Nb6 31. R4c2 Re7 32. a3 Kf7 33. Na5 Ke6 34. Bf3 Kf6 35. Kf1 e4 36. dxe4 fxe4 37. Bg2 Rd8 38. Nb3 d3 39. exd3 exd3 40. Rd2 Na4 41. Rc4 Rde8 42. Bf3 Nb6 43. Rc1 Na4 44. Na5 Be5 45. b4 b6 46. Nc6 Bb2 47. Rb1 Bc3 48. Rxd3 Re1+ 49. Rxe1 Rxe1+ 50. Kg2 a5 51. Bd5 axb4 52. axb4 g5 53. Bb3 Bxb4 54. Nxb4 Nc5 55. Rf3+ 1-0

[Event "Feffernitz op 28th"]
[Site "Feffernitz"]
[Date "2019.08.24"]
[Round "8"]
[White "Levin, Felix"]
[Black "Arbinger, Roland"]
[Result "1-0"]
[WhiteElo "2471"]
[BlackElo "2108"]
[PlyCount "91"]
[EventDate "2019.08.18"]
[EventType "swiss"]
[EventRounds "9"]
[EventCountry "AUT"]
[SourceTitle "EXT 2020"]
[Source "ChessBase"]
[SourceDate "2019.10.17"]
[SourceVersion "1"]
[SourceVersionDate "2019.10.17"]
[SourceQuality "1"]

1. d4 d5 2. c4 c6 3. Nf3 Nf6 4. g3 e6 5. Nbd2 Be7 6. Bg2 0-0 7. 0-0 Nbd7 8. Qc2 c5 9. cxd5 Nxd5 10. a3 cxd4 11. Nxd4 Qb6 12. N2f3 Bf6 13. Rd1 Qc5 14. Qd3 Ne5 15. Nxe5 Bxe5 16. e4 Bxd4 17. Qxd4 Qxd4 18. Rxd4 Nb6 19. Be3 e5 20. Rb4 Nd7 21. Rc1 b6 22. Rc7 Rd8 23. h3 Nf8 24. Ra4 Rd7 25. Rc1 Bb7 26. Bf1 h6 27. Bb5 Re7 28. Be2 Ne6 29. Bxb6 axb6 30. Rxa8+ Bxa8 31. Rc8+ Kh7 32. Rxa8 Ng5 33. Rb8 Re6 34. Bc4 Rd6 35. h4 Nxe4 36. Bxf7 Rf6 37. Ba2 Nxf2 38. Bb1+ g6 39. h5 e4 40. Rb7+ Kg8 41. Ba2+ Kf8 42. hxg6 Nh3+ 43. Kh2 Rxg6 44. Kxh3 e3 45. Rf7+ Ke8 46. Rf3 1-0

[Event "Pfalz op 10th"]
[Site "Neustadt an der Weinstrasse"]
[Date "2019.03.05"]
[Round "9"]
[White "Arbinger, Roland"]
[Black "Hamid, Emran"]
[Result "1/2-1/2"]
[WhiteElo "2070"]
[BlackElo "2172"]
[PlyCount "28"]
[EventDate "2019.03.01"]
[EventType "swiss"]
[EventRounds "9"]
[EventCountry "GER"]
[SourceTitle "CBM 189 Extra"]
[Source "ChessBase"]
[SourceDate "2019.06.03"]
[SourceVersion "1"]
[SourceVersionDate "2019.06.03"]
[SourceQuality "1"]

1. d4 Nf6 2. c4 e6 3. Nc3 Bb4 4. Qc2 0-0 5. a3 Bxc3+ 6. Qxc3 b6 7. Bg5 Bb7 8. Nf3 d6 9. e3 Nbd7 10. Be2 Qe7 11. 0-0 h6 12. Bxf6 Nxf6 13. Nd2 c5 14. Bf3 Bxf3 1/2-1/2

[Event "Pfalz op 10th"]
[Site "Neustadt an der Weinstrasse"]
[Date "2019.03.05"]
[Round "8"]
[White "Zuferi, Enis"]
[Black "Arbinger, Roland"]
[Result "1-0"]
[WhiteElo "2369"]
[BlackElo "2070"]
[PlyCount "107"]
[EventDate "2019.03.01"]
[EventType "swiss"]
[EventRounds "9"]
[EventCountry "GER"]
[SourceTitle "CBM 189 Extra"]
[Source "ChessBase"]
[SourceDate "2019.06.03"]
[SourceVersion "1"]
[SourceVersionDate "2019.06.03"]
[SourceQuality "1"]

1. d4 d5 2. c4 c6 3. Nf3 Nf6 4. Nc3 e6 5. Bg5 Nbd7 6. e3 Qa5 7. cxd5 exd5 8. Bd3 Bd6 9. a3 0-0 10. 0-0 h6 11. Bh4 Re8 12. Qc2 g5 13. Bg3 Bxg3 14. hxg3 Qd8 15. b4 Nf8 16. b5 cxb5 17. Bxb5 Bd7 18. Bxd7 N8xd7 19. Qb3 Nb6 20. Ne5 Re7 21. Rfc1 Rc8 22. Nb5 a6 23. Na7 Rxc1+ 24. Rxc1 Rc7 25. Nac6 Rxc6 26. Nxc6 bxc6 27. Rxc6 Nc4 28. Rxa6 Kg7 29. Ra7 Qc8 30. a4 Qg4 31. Qd3 Qh5 32. f3 g4 33. Qe2 gxf3 34. gxf3 Qh3 35. a5 Nxe3 36. Qf2 Nd1 37. Qf1 Qc8 38. Qxd1 Qb8 39. Ra6 Qxg3+ 40. Kf1 Qh3+ 41. Ke2 Qh2+ 42. Kd3 Nh5 43. Qd2 Nf4+ 44. Kc2 Qg3 45. Qe3 Ng6 46. Rc6 Qg2+ 47. Kb3 Qf1 48. Kb4 h5 49. a6 h4 50. a7 Qa1 51. Qa3 Qxd4+ 52. Kb5 h3 53. a8Q h2 54. Rxg6+ 1-0

[Event "Pfalz op 10th"]
[Site "Neustadt an der Weinstrasse"]
[Date "2019.03.04"]
[Round "7"]
[White "Arbinger, Roland"]
[Black "Karsay, Pascal"]
[Result "1/2-1/2"]
[WhiteElo "2070"]
[BlackElo "2323"]
[PlyCount "50"]
[EventDate "2019.03.01"]
[EventType "swiss"]
[EventRounds "9"]
[EventCountry "GER"]
[SourceTitle "CBM 189 Extra"]
[Source "ChessBase"]
[SourceDate "2019.06.03"]
[SourceVersion "1"]
[SourceVersionDate "2019.06.03"]
[SourceQuality "1"]

1. d4 Nf6 2. c4 e6 3. Nc3 Bb4 4. Qc2 0-0 5. a3 Bxc3+ 6. Qxc3 b5 7. cxb5 c6 8. Bg5 cxb5 9. e3 Bb7 10. Nf3 a6 11. Bd3 d6 12. 0-0 Nbd7 13. Rac1 Rc8 14. Qd2 Qb6 15. Rxc8 Rxc8 16. Rc1 Rxc1+ 17. Qxc1 h6 18. Bh4 Qc6 19. Qxc6 Bxc6 20. Bg3 Ne8 21. Nd2 Kf8 22. f3 Ke7 23. Kf2 Nb6 24. e4 d5 25. b3 Nd6 1/2-1/2

[Event "Pfalz op 10th"]
[Site "Neustadt an der Weinstrasse"]
[Date "2019.03.02"]
[Round "3"]
[White "Arbinger, Roland"]
[Black "Degenhard, Simon"]
[Result "1/2-1/2"]
[WhiteElo "2070"]
[BlackElo "2259"]
[PlyCount "71"]
[EventDate "2019.03.01"]
[EventType "swiss"]
[EventRounds "9"]
[EventCountry "GER"]
[SourceTitle "CBM 189 Extra"]
[Source "ChessBase"]
[SourceDate "2019.06.03"]
[SourceVersion "1"]
[SourceVersionDate "2019.06.03"]
[SourceQuality "1"]

1. d4 Nf6 2. c4 c5 3. d5 b5 4. a4 b4 5. Nd2 e5 6. e4 d6 7. Bd3 g6 8. Ne2 Bg7 9. 0-0 Nh5 10. Re1 a5 11. Nf1 Ra7 12. Qc2 Kd7 13. Nfg3 Nxg3 14. fxg3 Kc7 15. Rf1 Kb6 16. Be3 Qe8 17. Rf2 Rf8 18. Raf1 f5 19. b3 Raf7 20. Qd2 fxe4 21. Bxe4 Nd7 22. Rxf7 Rxf7 23. Rxf7 Qxf7 24. h3 Nf6 25. Bc2 h5 26. Kh2 Ng8 27. Ng1 Ne7 28. Nf3 Bf6 29. Qf2 Bf5 30. Bd1 Qg7 31. Ng5 Bxg5 32. Bxg5 Ng8 33. g4 hxg4 34. hxg4 Bd7 35. Qh4 Kb7 36. Qf2 1/2-1/2

[Event "Hessenliga 1819"]
[Site "Hessen"]
[Date "2018.09.23"]
[Round "1.8"]
[White "Arbinger, Roland"]
[Black "Kettler, Bernhard"]
[Result "1-0"]
[WhiteElo "2070"]
[BlackElo "2240"]
[PlyCount "69"]
[EventDate "2018.09.23"]
[EventType "team-tourn"]
[EventRounds "9"]
[EventCountry "GER"]
[SourceTitle "EXT 2020"]
[Source "ChessBase"]
[SourceDate "2019.10.17"]
[SourceVersion "1"]
[SourceVersionDate "2019.10.17"]
[SourceQuality "1"]
[WhiteTeam "Giessen"]
[BlackTeam "Frankfurt BvK"]
[WhiteTeamCountry "GER"]
[BlackTeamCountry "GER"]

1. d4 Nf6 2. Nf3 g6 3. c4 Bg7 4. Nc3 0-0 5. e4 d6 6. Be2 Na6 7. 0-0 Qe8 8. h3 e5 9. dxe5 dxe5 10. Be3 c6 11. Qd6 Qe6 12. Rfd1 Re8 13. Qd2 Qe7 14. Rac1 Nc5 15. Qc2 a5 16. Nd2 Ne6 17. Nf3 Nc5 18. Bf1 h6 19. Bxc5 Qxc5 20. Na4 Qa7 21. c5 Nd7 22. Bc4 b5 23. cxb6 Nxb6 24. Nxb6 Qxb6 25. Rd6 Bb7 26. Rxg6 Kh7 27. Rg4 Bc8 28. Rg3 Be6 29. Bxe6 Rxe6 30. Nh4 Bf8 31. Rf3 Kg8 32. Nf5 Rd8 33. Rb3 Qa7 34. Re1 Rc8 35. Rd3 1-0

[Event "Hessenliga 1718"]
[Site "Hessen"]
[Date "2018.03.11"]
[Round "8.7"]
[White "Schnegelsberg, Karl Heinz"]
[Black "Arbinger, Roland"]
[Result "0-1"]
[WhiteElo "1973"]
[BlackElo "2051"]
[PlyCount "116"]
[EventDate "2017.09.17"]
[EventType "team-tourn"]
[EventRounds "9"]
[EventCountry "GER"]
[SourceTitle "CBM 189 Extra"]
[Source "ChessBase"]
[SourceDate "2019.06.03"]
[SourceVersion "1"]
[SourceVersionDate "2019.06.03"]
[SourceQuality "1"]
[WhiteTeam "Kassel II"]
[BlackTeam "Giessen"]
[WhiteTeamCountry "GER"]
[BlackTeamCountry "GER"]

1. Nf3 d5 2. g3 Nf6 3. Bg2 g6 4. 0-0 Bg7 5. d3 0-0 6. Nbd2 c6 7. e4 dxe4 8. dxe4 Qa5 9. e5 Ng4 10. Re1 Be6 11. Nd4 Nxe5 12. Nxe6 fxe6 13. Qe2 Na6 14. f4 Nf7 15. Nc4 Qc5+ 16. Kh1 Nc7 17. Be3 Qf5 18. Rad1 e5 19. g4 Qe6 20. Bc1 Rad8 21. fxe5 Rxd1 22. Rxd1 Nxe5 23. Nxe5 Qxe5 24. Be4 Ne8 25. Qg2 Nd6 26. Bf3 Qf6 27. Rf1 Qh4 28. c3 e5 29. Bd2 e4 30. Be2 Rxf1+ 31. Bxf1 Be5 32. Qg1 a6 33. Be1 Qf6 34. Be2 Kg7 35. Kg2 Qe6 36. Qc5 Qd5 37. Bf2 Kf6 38. h4 h6 39. Be3 g5 40. Kh3 Bf4 41. Bd4+ Ke6 42. Bd1 Qxa2 43. Qb6 Qb1 44. Qb3+ Kd7 45. hxg5 Qd3+ 46. Kh4 hxg5+ 47. Kh5 e3 48. Bc2 Qc4 49. Bf5+ Ke7 50. Qb6 Qf7+ 51. Bg6 Qf8 52. Qc7+ Ke6 53. Bg7 Qe7 54. Bf5+ Nxf5 55. gxf5+ Kf7 56. Qxe7+ Kxe7 57. Kg6 e2 58. f6+ Ke6 0-1

[Event "Oberliga Ost-B 1516"]
[Site "Germany"]
[Date "2016.04.09"]
[Round "10.7"]
[White "Arbinger, Roland"]
[Black "Serbu, Eli"]
[Result "0-1"]
[WhiteElo "2065"]
[BlackElo "2121"]
[PlyCount "88"]
[EventDate "2015.09.20"]
[EventType "team-tourn"]
[EventRounds "11"]
[EventCountry "GER"]
[SourceTitle "EXT 2017"]
[Source "ChessBase"]
[SourceDate "2016.10.25"]
[SourceVersion "1"]
[SourceVersionDate "2016.10.25"]
[SourceQuality "1"]
[WhiteTeam "Giessen"]
[BlackTeam "Wiesbaden"]
[WhiteTeamCountry "GER"]
[BlackTeamCountry "GER"]

1. d4 Nf6 2. c4 g6 3. Nc3 d5 4. e3 Bg7 5. Nf3 0-0 6. b4 a5 7. b5 c5 8. bxc6 bxc6 9. Ba3 Ba6 10. cxd5 Bxf1 11. Kxf1 cxd5 12. Ne5 Re8 13. Qa4 e6 14. f3 Nfd7 15. f4 Nxe5 16. dxe5 Nd7 17. Ne2 Nb6 18. Qb3 Nc4 19. Rd1 Rb8 20. Qd3 Bf8 21. Bc1 Qc7 22. Kf2 Qc6 23. h4 Rec8 24. h5 Qa4 25. hxg6 hxg6 26. Nd4 Qxa2+ 27. Kg3 Qb1 28. Qe2 Qe4 29. Nf3 Be7 30. Rd4 Qb1 31. e4 dxe4 32. Rxc4 exf3 33. Rxc8+ Rxc8 34. Qa6 Qc2 35. gxf3 Bb4 36. Be3 Qc4 37. Qa7 Qe2 38. Bf2 Kg7 39. Rh7+ Kxh7 40. Qxf7+ Kh6 41. Qxe6 Rf8 42. Qh3+ Kg7 43. Bd4 Be1+ 44. Kg4 Qd3 0-1

[Event "Hessenliga 1516"]
[Site "Germany"]
[Date "2015.09.27"]
[Round "1.6"]
[White "Arbinger, Roland"]
[Black "Hahn, Werner"]
[Result "0-1"]
[WhiteElo "2065"]
[BlackElo "2165"]
[PlyCount "88"]
[EventDate "2015.09.27"]
[EventType "team-tourn"]
[EventRounds "9"]
[EventCountry "GER"]
[SourceTitle "EXT 2018"]
[Source "ChessBase"]
[SourceDate "2017.10.13"]
[SourceVersion "1"]
[SourceVersionDate "2017.10.13"]
[SourceQuality "1"]
[WhiteTeam "Giessen II"]
[BlackTeam "Griesheim II"]
[WhiteTeamCountry "GER"]
[BlackTeamCountry "GER"]

1. d4 Nf6 2. c4 g6 3. Nc3 Bg7 4. e4 d6 5. Nf3 0-0 6. Be2 e5 7. 0-0 Nc6 8. Be3 Ng4 9. Bg5 f6 10. Bh4 Nh6 11. dxe5 dxe5 12. Qd5+ Nf7 13. Rfd1 Qe7 14. Qb5 Nd6 15. Qc5 Qf7 16. Rac1 g5 17. Bg3 Be6 18. b3 g4 19. Ne1 Nd4 20. Bd3 b6 21. Qa3 c5 22. Ne2 Rad8 23. Nxd4 exd4 24. b4 cxb4 25. Qxb4 Nb7 26. Qd2 Nc5 27. f4 gxf3 28. Nxf3 Bg4 29. h3 Bxf3 30. gxf3 Qh5 31. Kf2 Qxh3 32. Rh1 Qe6 33. Rcg1 f5 34. e5 Rd7 35. Bf4 Kh8 36. Re1 Rdf7 37. Bf1 d3 38. Qc3 Ne4+ 39. fxe4 fxe4 40. Rxe4 Rxf4+ 41. Rxf4 Rxf4+ 42. Ke1 Re4+ 43. Kd1 Qg4+ 44. Kd2 Qf4+ 0-1

[Event "Feffernitz op 24th"]
[Site "Feffernitz"]
[Date "2015.08.23"]
[Round "9"]
[White "Arbinger, Roland"]
[Black "Eisenbeiser, Amadeus"]
[Result "1/2-1/2"]
[WhiteElo "2065"]
[BlackElo "2374"]
[PlyCount "164"]
[EventDate "2015.08.16"]
[EventType "swiss"]
[EventRounds "9"]
[EventCountry "AUT"]
[SourceTitle "EXT 2016"]
[Source "ChessBase"]
[SourceDate "2015.10.08"]
[SourceVersion "1"]
[SourceVersionDate "2015.10.08"]
[SourceQuality "1"]

1. d4 d6 2. e4 Nf6 3. Nc3 e5 4. Nf3 Nbd7 5. Bc4 Be7 6. 0-0 0-0 7. Re1 a6 8. a4 b6 9. Bg5 Bb7 10. Qd2 h6 11. dxe5 hxg5 12. exf6 Bxf6 13. Bd5 c6 14. Ba2 Ne5 15. Nd4 g6 16. Rad1 Qe7 17. Nde2 Rad8 18. Ng3 b5 19. axb5 axb5 20. Nce2 Nc4 21. Bxc4 bxc4 22. c3 c5 23. f3 Be5 24. Nf1 d5 25. exd5 Rxd5 26. Qc2 Re8 27. Rxd5 Bxd5 28. Rd1 Bc6 29. Neg3 Bf4 30. Qf2 Qc7 31. Re1 Rb8 32. Ne4 Qb6 33. g3 Bc7 34. Re2 Bd8 35. Qe3 Qb7 36. Nxg5 Bxg5 37. Qxg5 Bxf3 38. Rf2 Rc8 39. Qf6 Be4 40. Rf4 Bh1 41. Ne3 Ra8 42. h4 Re8 43. Kf2 Qxb2+ 44. Kg1 Qb7 45. Kf2 Re6 46. Qd8+ Kg7 47. Qd2 Rb6 48. Kg1 Rb1+ 49. Rf1 Rb2 50. Nf5+ Kg8 51. Nh6+ Kg7 52. Nf5+ Kg8 53. Nh6+ Kh7 54. Rxf7+ Qxf7 55. Qxb2 Qf3 56. Nf7 Qxg3+ 57. Kxh1 Qf3+ 58. Qg2 Qxf7 59. Qg3 Qf1+ 60. Kh2 Qe2+ 61. Kh3 Qd3 62. Kh2 Qd2+ 63. Kh3 Kh6 64. Qe5 Qd7+ 65. Kg3 Kh7 66. Kf4 Qd2+ 67. Kg3 Qd3+ 68. Kg4 Qd1+ 69. Kg3 Qg1+ 70. Kh3 Qf1+ 71. Kg3 Qf8 72. Qd5 Qb8+ 73. Kg4 Qg8 74. Qxc5 Qe6+ 75. Kg5 Qf7 76. Qe5 Qd7 77. Kf4 Qa7 78. Ke4 Qf7 79. Qg3 Qd7 80. Qe5 Qd3+ 81. Kf4 Qd2+ 82. Kg3 Qd3+ 1/2-1/2

[Event "Feffernitz op 24th"]
[Site "Feffernitz"]
[Date "2015.08.21"]
[Round "7"]
[White "Arbinger, Roland"]
[Black "Logar, Metod"]
[Result "1-0"]
[WhiteElo "2065"]
[BlackElo "2024"]
[PlyCount "71"]
[EventDate "2015.08.16"]
[EventType "swiss"]
[EventRounds "9"]
[EventCountry "AUT"]
[SourceTitle "EXT 2016"]
[Source "ChessBase"]
[SourceDate "2015.10.08"]
[SourceVersion "1"]
[SourceVersionDate "2015.10.08"]
[SourceQuality "1"]

1. d4 Nf6 2. c4 e6 3. Nc3 Bb4 4. Qc2 c5 5. Nf3 cxd4 6. Nxd4 Qb6 7. e3 Nc6 8. Nf3 a6 9. Bd3 d5 10. 0-0 0-0 11. a3 dxc4 12. Bxc4 Be7 13. Rd1 Qc7 14. Qe2 b5 15. Bd3 Bb7 16. e4 Ng4 17. Be3 Nce5 18. Nxe5 Nxe3 19. Qxe3 Qxe5 20. g3 Bc5 21. Qe2 Bd4 22. Rdc1 h5 23. Kg2 f5 24. f4 Qd6 25. Qxh5 e5 26. Ne2 fxe4 27. Bc2 Rac8 28. Bb3+ Bd5 29. Rxc8 Rxc8 30. fxe5 e3+ 31. Kg1 Qc5 32. Bxd5+ Qxd5 33. Rd1 Qxe5 34. Qg4 Rc2 35. Rxd4 Rxe2 36. Rd8+ 1-0

[Event "Oberliga Ost-B 1415"]
[Site "Germany"]
[Date "2014.12.07"]
[Round "5.7"]
[White "Hankel, Dennis"]
[Black "Arbinger, Roland"]
[Result "1-0"]
[WhiteElo "2170"]
[BlackElo "2058"]
[PlyCount "115"]
[EventDate "2014.09.21"]
[EventType "team-tourn"]
[EventRounds "11"]
[EventCountry "GER"]
[SourceTitle "EXT 2016"]
[Source "ChessBase"]
[SourceDate "2015.10.08"]
[SourceVersion "1"]
[SourceVersionDate "2015.10.08"]
[SourceQuality "1"]
[WhiteTeam "Neuberg"]
[BlackTeam "Giessen"]
[WhiteTeamCountry "GER"]
[BlackTeamCountry "GER"]

1. e4 d6 2. d4 Nf6 3. Nc3 g6 4. Nf3 Bg7 5. h3 0-0 6. Be3 c6 7. a4 Qc7 8. a5 Nbd7 9. Qb1 e5 10. dxe5 dxe5 11. Qa2 b5 12. axb6 Nxb6 13. Qa5 Nfd7 14. Bc4 Qd6 15. Bb3 h6 16. 0-0 Bb7 17. Rfd1 Qe7 18. Rd2 Kh7 19. Rad1 f5 20. Rd6 Rf6 21. Rxf6 Bxf6 22. exf5 gxf5 23. Na4 Nxa4 24. Bxa4 Nb6 25. Bb3 Nd5 26. Bc1 Qg7 27. c4 e4 28. Ne1 Bd8 29. Qd2 Nf6 30. Qf4 Qg6 31. Nc2 Bb6 32. Ne3 Bc8 33. c5 Nh5 34. Qe5 f4 35. Qe7+ Ng7 36. cxb6 fxe3 37. Bxe3 Bxh3 38. g3 axb6 39. Rd8 Rxd8 40. Qxd8 Be6 41. Bxe6 Qxe6 42. Qxb6 Qd5 43. Qd4 Qe6 44. Bd2 Nf5 45. Qa7+ Kg6 46. Qc5 Qd7 47. g4 Qxd2 48. Qxf5+ Kg7 49. Qe5+ Kg8 50. Qxe4 Qxb2 51. Qxc6 Kg7 52. Qd7+ Kg6 53. Qe6+ Kg7 54. Qe7+ Kg6 55. Kg2 Qc3 56. f4 Qb2+ 57. Kh3 Qf6 58. f5+ 1-0

[Event "Feffernitz Raika op 23rd"]
[Site "Feffernitz"]
[Date "2014.08.23"]
[Round "9"]
[White "Arbinger, Roland"]
[Black "Eisenbeiser, Karlheinz"]
[Result "1-0"]
[WhiteElo "2058"]
[BlackElo "2013"]
[PlyCount "73"]
[EventDate "2014.08.16"]
[EventType "swiss"]
[EventRounds "9"]
[EventCountry "AUT"]
[SourceTitle "CBM 161 Extra"]
[Source "ChessBase"]
[SourceDate "2014.08.29"]
[SourceVersion "1"]
[SourceVersionDate "2014.08.29"]
[SourceQuality "1"]

1. d4 d6 2. e4 g6 3. Nc3 Bg7 4. Be3 c6 5. Qd2 b5 6. f3 Nd7 7. a4 b4 8. Nd1 a5 9. c3 Qb6 10. Nh3 Nb8 11. Nf4 Na6 12. Bc4 Bh6 13. 0-0 Qc7 14. Kh1 Qb8 15. Nf2 e6 16. Ng4 Bg7 17. Nd3 h5 18. Ngf2 d5 19. exd5 exd5 20. Bf4 Qb6 21. Rfe1+ Be6 22. Bxa6 Qxa6 23. Nc5 bxc3 24. bxc3 Qc8 25. Nxe6 fxe6 26. Rxe6+ Qxe6 27. Re1 Qxe1+ 28. Qxe1+ Kf7 29. Nd3 Nh6 30. Ne5+ Bxe5 31. Bxe5 Rhe8 32. Qh4 Ng8 33. g4 hxg4 34. Qh7+ Ke6 35. Qxg6+ Kd7 36. fxg4 Rec8 37. h4 1-0

[Event "Feffernitz Raika op 23rd"]
[Site "Feffernitz"]
[Date "2014.08.20"]
[Round "6"]
[White "Meulner, Fabian"]
[Black "Arbinger, Roland"]
[Result "1/2-1/2"]
[WhiteElo "1914"]
[BlackElo "2058"]
[PlyCount "44"]
[EventDate "2014.08.16"]
[EventType "swiss"]
[EventRounds "9"]
[EventCountry "AUT"]
[SourceTitle "CBM 161 Extra"]
[Source "ChessBase"]
[SourceDate "2014.08.29"]
[SourceVersion "1"]
[SourceVersionDate "2014.08.29"]
[SourceQuality "1"]

1. d4 d5 2. e4 dxe4 3. Nc3 Nf6 4. f3 exf3 5. Nxf3 Bg4 6. h3 Bh5 7. g4 Bg6 8. Ne5 c6 9. Bc4 e6 10. h4 Nd5 11. h5 Nxc3 12. bxc3 Be4 13. Nxf7 Kxf7 14. 0-0+ Ke8 15. Qe2 Bd5 16. Qf2 Kd7 17. Bd3 Be7 18. c4 Rf8 19. Qe2 Rxf1+ 20. Qxf1 Qf8 21. Qxf8 Bxf8 22. cxd5 cxd5 1/2-1/2

[Event "Feffernitz Raika op 23rd"]
[Site "Feffernitz"]
[Date "2014.08.18"]
[Round "4"]
[White "Arbinger, Roland"]
[Black "Becker, Matthias1111"]
[Result "1/2-1/2"]
[WhiteElo "2058"]
[BlackElo "2154"]
[PlyCount "61"]
[EventDate "2014.08.16"]
[EventType "swiss"]
[EventRounds "9"]
[EventCountry "AUT"]
[SourceTitle "CBM 161 Extra"]
[Source "ChessBase"]
[SourceDate "2014.08.29"]
[SourceVersion "1"]
[SourceVersionDate "2014.08.29"]
[SourceQuality "1"]

1. d4 g6 2. e4 Bg7 3. Nc3 c5 4. Be3 Qa5 5. Qd2 Nf6 6. f3 cxd4 7. Bxd4 Nc6 8. Be3 0-0 9. Bc4 d6 10. Nge2 Bd7 11. 0-0 Rfc8 12. Bb3 Ne5 13. Bh6 Nc4 14. Bxc4 Rxc4 15. Bxg7 Kxg7 16. Qe3 Qc5 17. Qxc5 Rxc5 18. Nd4 b5 19. Rf2 b4 20. Nd1 Rc4 21. Rd2 Rac8 22. Ne3 R4c7 23. a3 bxa3 24. Rxa3 Rb8 25. b3 h5 26. Ra5 Kf8 27. Kf2 Ne8 28. Rd1 e6 29. Rda1 Rbb7 30. R1a2 Ke7 31. Ke1 1/2-1/2

[Event "Oberliga Ost-B 1011"]
[Site "Germany"]
[Date "2010.10.24"]
[Round "1.7"]
[White "Engel, Johannes"]
[Black "Arbinger, Roland"]
[Result "1-0"]
[WhiteElo "2206"]
[BlackElo "2072"]
[PlyCount "81"]
[EventDate "2010.10.24"]
[EventType "team-tourn"]
[EventRounds "11"]
[EventCountry "GER"]
[SourceTitle "EXT 2012"]
[Source "ChessBase"]
[SourceDate "2011.11.24"]
[SourceVersion "1"]
[SourceVersionDate "2011.11.24"]
[SourceQuality "1"]
[WhiteTeam "Frankfurt BvK"]
[BlackTeam "Giessen"]
[WhiteTeamCountry "GER"]
[BlackTeamCountry "GER"]

1. d4 d5 2. c4 c6 3. Nc3 Nf6 4. Nf3 dxc4 5. e3 Bf5 6. Bxc4 e6 7. 0-0 Nbd7 8. h3 Be7 9. Qe2 b5 10. Bb3 b4 11. e4 Bg6 12. e5 bxc3 13. exf6 Bxf6 14. bxc3 0-0 15. Ba3 c5 16. dxc5 Bxc3 17. Rad1 Qa5 18. c6 Nc5 19. Qc4 Qxa3 20. Qxc3 Nxb3 21. axb3 Rac8 22. Rd7 Qa6 23. Ne5 Qb6 24. Rd4 Qb5 25. Rc4 Rc7 26. Rc5 Qa6 27. Ra1 Qc8 28. b4 Be4 29. b5 h6 30. Qe3 Bd5 31. Rc3 Qb8 32. Nd7 Qxb5 33. Nxf8 Kxf8 34. Rxa7 Qb1+ 35. Rc1 Qg6 36. Ra8+ Ke7 37. Qc5+ Kf6 38. Qd4+ Ke7 39. Qb4+ Kf6 40. Qf4+ Qf5 41. Qxc7 1-0